| 000 | 00633nam a2200205 i 4500 | ||
|---|---|---|---|
| 001 | 147020 | ||
| 003 | ES-MaACL | ||
| 005 | 20250512063037.0 | ||
| 007 | t| | ||
| 008 | 070920s1929 sp ||||1| spa d | ||
| 100 | 1 |
_aTrotsky, Leon, _d1879-1940 _9240350 |
|
| 245 | 1 | 3 |
_aLa revolución desfigurada / _cLeon Trotsky ; versión castellana de J.G. Gorkin. |
| 260 |
_aMadrid : _bArgis, _c1929. |
||
| 300 |
_a308 p. ; _c19 cm. |
||
| 600 | 1 | 4 |
_aTrotsky, Leon, _d1879-1940 _9240350 |
| 651 | 0 |
_aURSS- _xHistoria- _y1922-1936. _99471 |
|
| 700 | 1 |
_aGorkin, Julián. _959188 |
|
| 852 |
_aES-MaACL _jB-3364 |
||
| 999 |
_c147020 _d147020 |
||